Les saints patrons * 1 - Statistiques

Statistiques générales
  • Ce quiz a été pris 79 fois
  • Le résultat moyen est 5 sur 15
Statistiques - réponses
Hint Réponse % Correct
Amoureux St Valentin
93%
Automobilistes St Christophe
64%
Artisans St Joseph
43%
Banquiers St Mathieu
38%
Avocat St Thomas More
34%
Aveugles Ste Lucie
29%
Avoués St Yves
29%
Astronautes St Alpais
23%
Apiculteurs St Ambroise
23%
Ambassadeurs St Gabriel
21%
Agriculteur St Eloi
20%
Athlètes St Sébastien
20%
Acteurs St Genès
16%
Antiquaires St Roch
16%
Architectes St Thomas
13%
Aucun quiz correspondant
Distribution des résultats
% des personnes avec chaque résultat
Percentile par nombre de réponses
Votre historique - résultats
Vous n’avez pas pris ce quiz